تفاصيل مارك
| 000 -الفاتح |
| حقل البيانات ثابتة الطول |
04012cam a2200565 a 4500 |
| 001 - رقم الضبط |
| رقم الضبط |
16020894 |
| 003 - محدد رقم الضبط |
| رقم الضبط |
OSt |
| 005 - وقت وتاريخ اخر تعامل مع التسجيلة |
| رقم الضبط |
20150408114105.0 |
| 008 - عناصر البيانات ثابتة الطول - معلومات عامة |
| حقل البيانات ثابتة الطول |
091211s2010 nyua b 001 0 eng c |
| 010 ## - رقم ضبط مكتبة الكونجرس |
| رقم ضبط مكتبة الكونجرس |
2009943283 |
| 015 ## - رقم الببليوجرافية الوطنية |
| رقم الببليوجرافية الوطنية |
GBB004919 |
| المصدر |
bnb |
| 015 ## - رقم الببليوجرافية الوطنية |
| رقم الببليوجرافية الوطنية |
GBB004919 |
| المصدر |
dnb |
| 016 7# - رقم ضبط الوكاله الوطنية للضبط الببليوجرافي |
| رقم ضبط التسجيلة |
101527291 |
| المصدر |
DNLM |
| 016 7# - رقم ضبط الوكاله الوطنية للضبط الببليوجرافي |
| رقم ضبط التسجيلة |
015462739 |
| المصدر |
Uk |
| 020 ## - الرقم الدولى المعيارى للكتب |
| الرقم الدولى المعيارى للكتاب |
9781607615842 (alk. paper) |
| 020 ## - الرقم الدولى المعيارى للكتب |
| الرقم الدولى المعيارى للكتاب |
1607615843 (alk. paper) |
| 020 ## - الرقم الدولى المعيارى للكتب |
| الرقم الدولى المعيارى للكتاب |
9781607615859 (eISBN) |
| 020 ## - الرقم الدولى المعيارى للكتب |
| الرقم الدولى المعيارى للكتاب |
1607615851 (eISBN) |
| 035 ## - رقم ضبط النظام |
| رقم ضبط النظام |
(OCoLC)ocn449852931 |
| 040 ## - مصدر الفهرسة |
| وكالة الفهرسة الأصلية |
NLM |
| لغة الفهرسة |
eng |
| وكالة النسخ |
NLM |
| وكالة التعديل |
DLC |
| -- |
UKM |
| -- |
BTCTA |
| -- |
YDXCP |
| -- |
SCB |
| -- |
CUS |
| -- |
COU |
| -- |
NTD |
| -- |
AGL |
| -- |
DEBBG |
| -- |
DLC |
| 042 ## - رمز التحقق |
| رمز التحقق |
pcc |
| 050 00 - رقم طلب مكتبة الكونجرس |
| رقم التصنيف |
QR187.3 |
| رقم المادة |
.V326 2010 |
| 060 00 - رقم الطلب بالمكتبة الطبية الوطنية |
| رقم التصنيف |
W1 |
| رقم المادة |
ME9616J v.626 2010 |
| 060 10 - رقم الطلب بالمكتبة الطبية الوطنية |
| رقم التصنيف |
QW 800 |
| رقم المادة |
V1156 2010 |
| 070 0# - رقم الطلب بالمكتبة الوطنية الزراعية |
| رقم التصنيف |
QR187.3 |
| رقم المادة |
.V33 2010 |
| 082 00 - رقم تصنيف ديوى العشرى |
| رقم التصنيف |
616.079 |
| رقم الطبعة |
23 |
| رقم المادة |
VAA |
| 084 ## - رقم تصنيف آخر |
| رقم التصنيف |
VS 9000 |
| مصدر الرقم |
rvk |
| 084 ## - رقم تصنيف آخر |
| رقم التصنيف |
XD 3300 |
| مصدر الرقم |
rvk |
| 245 00 - بيان العنوان |
| العنوان |
Vaccine adjuvants : |
| بقية العنوان |
methods and protocols / |
| بيان المسئوليه,etc |
edited by Gwyn Davies. |
| 260 ## - PUBLICATION, DISTRIBUTION, ETC. (IMPRINT) |
| مكان الناشر او الموزع |
New York, NY : |
| اسم الناشر او الموزع |
Humana Press, |
| تاريخ النشر أو التوزيع |
c2010. |
| 300 ## - الوصف المادى |
| التعداد |
x, 314 p. : |
| تفاصيل ماديه اخرى للوعاء |
ill. ; |
| أبعاد الوعاء |
26 cm. |
| 490 1# - بيان السلسلة |
| عنوان السلسلة |
Springer protocols |
| 490 1# - بيان السلسلة |
| عنوان السلسلة |
Methods in molecular biology, |
| الرقم الدولى المعيارى للدوريات |
1064-3745 ; |
| رقم المجلد/ التعيين التسلسلي |
626 |
| 504 ## - تبصرة ببليوجرافية |
| تبصرة ببليوجرافية,الخ |
Includes bibliographical references and index. |
| 505 00 - تبصرة محتويات-الفهرس |
| العنوان |
Immunology of vaccine adjuvants / |
| بيان المسئولية |
C.M.S. Ribeiro and V.E.J.C. Schijns -- |
| العنوان |
Preclinical development of AS04 / |
| بيان المسئولية |
N. Garçon -- Nonclinical safety assessment of vaccines and adjuvants / |
| -- |
J.J. Wolf, C.V. Kaplanski and J.A. Lebron -- |
| العنوان |
Aluminum adjuvants: Preparation, application, dosage, and formulation with antigen / |
| بيان المسئولية |
E.B. Lindblad and N.E. Schønberg -- |
| العنوان |
Freund's complete and incomplete adjuvants, preparation, and quality control standards for experimental laboratory animals use / |
| بيان المسئولية |
D.E.S. Stewart-Tull -- |
| العنوان |
Liposomal adjuvants: Preparation and formulation with antigens / |
| بيان المسئولية |
J. Haensler -- |
| العنوان |
Micro/nanoparticle adjuvants: Preparation and formulation with antigens / |
| بيان المسئولية |
P. Malyala and M. Singh -- |
| العنوان |
Adjuvant activity on human cells in vitro / |
| بيان المسئولية |
D. Wit and M. Goldman -- |
| العنوان |
Adjuvant activity on murine and human macrophages / |
| بيان المسئولية |
V. Quesniaux, F. Erard and B. Ryffel -- |
| العنوان |
In vitro effects of adjuvants on B cells / |
| بيان المسئولية |
J. Vollmer and H. Bellert -- |
| العنوان |
NKT cell responses to glycolipid activation / |
| بيان المسئولية |
J.N. Tefit, G. Davies and V. Serra -- |
| العنوان |
Tracking dendritic cells in vivo / |
| بيان المسئولية |
C.M. Rush and J.M. Brewer -- |
| العنوان |
Adjuvant effects on antibody titre / |
| بيان المسئولية |
B. Walker and I. Feavers -- |
| العنوان |
Functional antibody assays / I. Feavers and B. Walker -- |
| -- |
Determining adjuvant activity on -cell function in vivo: Th cells / |
| بيان المسئولية |
T. Lindenstrøm, P. Andersen and E.M. Agger -- |
| العنوان |
Quantitative multiparameter assays to measure the effect of adjuvants on human antigen-specific CD8 t-cell responses / L. Derré ... [et al.] -- |
| -- |
Large-animal model for establishing E/T ratio of adjuvants / |
| بيان المسئولية |
L.A.T. Hilgers -- |
| العنوان |
Determining the activity of mucosal adjuvants / |
| بيان المسئولية |
B.C. Baudner and G.D. Giudice -- |
| العنوان |
Adjuvant activity of cytokines / |
| بيان المسئولية |
M.G. Tovey and C. Lallemand |
| 650 #0 - المدخل الاضافى بالموضوع-مصطلح موضوعى |
| مصطلح موضوعي أو اسم جغرافي كعنصر مدخل |
Immunological adjuvants |
| التقسيم الفرعي العام |
Research. |
| 9 (RLIN) |
18571 |
| 650 #0 - المدخل الاضافى بالموضوع-مصطلح موضوعى |
| مصطلح موضوعي أو اسم جغرافي كعنصر مدخل |
Immunological adjuvants |
| التقسيم الفرعي العام |
Research |
| -- |
Methodology. |
| 9 (RLIN) |
18572 |
| 650 #2 - المدخل الاضافى بالموضوع-مصطلح موضوعى |
| مصطلح موضوعي أو اسم جغرافي كعنصر مدخل |
Adjuvants, Immunologic |
| التقسيم الفرعي العام |
therapeutic use. |
| 9 (RLIN) |
18573 |
| 650 #2 - المدخل الاضافى بالموضوع-مصطلح موضوعى |
| مصطلح موضوعي أو اسم جغرافي كعنصر مدخل |
Vaccines |
| التقسيم الفرعي العام |
immunology. |
| 9 (RLIN) |
18574 |
| 650 #7 - المدخل الاضافى بالموضوع-مصطلح موضوعى |
| مصطلح موضوعي أو اسم جغرافي كعنصر مدخل |
Adjuvans. |
| مصدر الرأس أو المصطلح |
swd |
| 9 (RLIN) |
18575 |
| 650 #7 - المدخل الاضافى بالموضوع-مصطلح موضوعى |
| مصطلح موضوعي أو اسم جغرافي كعنصر مدخل |
Impfstoff. |
| مصدر الرأس أو المصطلح |
swd |
| 9 (RLIN) |
18576 |
| 700 1# - المدخل الاضافى - اسم شخصى |
| الإسم الشخصى |
Davies, Gwyn, |
| العنوان والكلمات الأخرى المصاحبة للاسم |
Ph. D. |
| 9 (RLIN) |
18577 |
| 830 #0 - المدخل الاضافى بالسلسلة -عنوان موحد |
| عنوان موحد |
Springer protocols. |
| 9 (RLIN) |
17336 |
| 830 #0 - المدخل الاضافى بالسلسلة -عنوان موحد |
| عنوان موحد |
Methods in molecular biology (Clifton, N.J.) ; |
| رقم المجلد/ التعيين التسلسلي |
v. 626. |
| 9 (RLIN) |
18578 |
| 856 ## - الوصول و الموقع الالكترونى |
| معرف المصدر الموحد |
<a href="http://bvbr.bib-bvb.de:8991/F?func=service&doc_library=BVB01&doc_number=020299208&line_number=0001&func_code=DB_RECORDS&service_type=MEDIA">http://bvbr.bib-bvb.de:8991/F?func=service&doc_library=BVB01&doc_number=020299208&line_number=0001&func_code=DB_RECORDS&service_type=MEDIA</a> |
| تبصرة عامة |
Inhaltsverzeichnis |
| 856 ## - الوصول و الموقع الالكترونى |
| معرف المصدر الموحد |
<a href="http://bvbr.bib-bvb.de:8991/F?func=service&doc_library=BVB01&doc_number=020299208&line_number=0002&func_code=DB_RECORDS&service_type=MEDIA">http://bvbr.bib-bvb.de:8991/F?func=service&doc_library=BVB01&doc_number=020299208&line_number=0002&func_code=DB_RECORDS&service_type=MEDIA</a> |
| تبصرة عامة |
Klappentext |
| 906 ## - عنصر بيانات محلى F, LDF (RLIN) |
| a |
7 |
| b |
cbc |
| c |
pccadap |
| d |
2 |
| e |
epcn |
| f |
20 |
| g |
y-gencatlg |
| 942 ## - عناصر المدخل الإضافي( كوها) |
| مصدر التصنيف او مخطط الترفيف |
Dewey Decimal Classification |
| Koha [default] item type |
DVD |